000 00801nam a2200265 a 4500
001 12778
003 BD-RjUL
005 20211208235344.0
008 170513m19681966nyua b 001 0enggd
035 _a(BD-RjUL)12828
040 _aDLC
_beng
_cDI
_dDLC
_dBD-RjUL
041 _aeng
082 0 0 _a571.86
_bCUR 1968
_223
245 0 0 _aCurrent topics in developmental biology /
_cedited by A. A. Moscona and Alberto Monroy
260 _aNew York :
_bAcademic Press,
_c1966-1968
300 _avol. :
_bill. ;
_c24 cm
504 _aIncludes bibliographical references and index.
505 0 _aVol. 1-- v. 3--
650 0 _aEmbryology
_939813
650 0 _aCytogenetics
_939814
650 2 _aBiology
_939815
700 _aMoscona, A. A.
_939821
700 _aMonroy, Alberto.
_939822
942 _2ddc
_cBK
999 _c12778
_d12778